000
00295cam a22001097a 4500
008
180718b1988 xxu||||| |||| 00| 0 eng d
082
_a
B122x5453 J774
100
_a
Joseph, KV
245
_a
Migration and development of Kerala
_c
by KV Joseph
260
_a
Delhi
_b
Mittal
_c
1988
300
_a
xiv, 212p
999
_c
417509
_d
417509